000 00360nam a2200157Ia 4500
008 230711s9999||||xx |||||||||||||| ||und||
041 _aENG
082 _a720
_bRE-F
100 _a Yvonne Rees
245 0 _aFloor style
250 _a1st Ed.
260 _c1989
_aNew York
_bVan Nostrand Reinhold Co.
300 _a159
650 _aArchitecture
942 _cBK
999 _c1715
_d1715